History Quiz

Random History or Nation Quiz

Borders of Italy (1861-) Quiz Stats

 Plays Quiz Updated Feb 14, 2018

Score 0/27 Timer 08:00
4 Plays Today
Years Bordering Country % Correct
1861-1870Second French Empire
97.6%
1861-1918Austria-Hungary
94.1%
1918-1938; 1945-Austria
92.8%
1861-Switzerland
92.7%
1870-1940Third French Republic
92.7%
1944-France
92.7%
1940-1944French State
92.7%
1938-1945Germany
90.4%
1929-Vatican City
88.6%
1890-1941Anglo-Egyptian Sudan
87.5%
1911-1922British Egypt
86.7%
1939-1941Kingdom of Greece
80.5%
1941-1943Hellenic State
80.5%
1991-Slovenia
79.5%
Years Bordering Country % Correct
1861-San Marino
78.3%
1941-1943Croatia
76.8%
1889-1941United Kingdom
75.5%
1922-1943Egypt
73.5%
1918-1941Kingdom of Yugoslavia
69.2%
1945-1991SFR Yugoslavia
69.2%
1890-1936Abyssinia
65.5%
1939-1943Serbia
64.1%
1939-1943Montenegro
51.7%
1939-1943Bulgaria
45.2%
1861-1870Rome
22.1%
1947-1954Free City of Trieste
14.2%
1920-1924Free City of Fiume
6.2%

You're not logged in!

Compare scores with friends on all Sporcle quizzes.
OR
Log In

You Might Also Like...

Show Comments

Extras

Top Quizzes Today


Score Distribution

Your Account Isn't Verified!

In order to create a playlist on Sporcle, you need to verify the email address you used during registration. Go to your Sporcle Settings to finish the process.

Report this User

Report this user for behavior that violates our Community Guidelines.

Details: